Sefer Shut Maharshag / (Record no. 32599)

MARC details
000 -LEADER
fixed length control field 02897cam a2200601 a 4500
001 - CONTROL NUMBER
control field he 67001665
003 - CONTROL NUMBER IDENTIFIER
control field DLC
005 - DATE AND TIME OF LATEST TRANSACTION
control field 20260227111449.0
008 - FIXED-LENGTH DATA ELEMENTS--GENERAL INFORMATION
fixed length control field 910522m19319999xo a 00110 heb
010 ## - LIBRARY OF CONGRESS CONTROL NUMBER
LC control number he 67001665
035 ## - SYSTEM CONTROL NUMBER
System control number (CStRLIN)DCLH91-B1931
040 ## - CATALOGING SOURCE
Original cataloging agency DLC
Transcribing agency DLC-R
Modifying agency DLC-R
-- DLC
050 00 - LIBRARY OF CONGRESS CALL NUMBER
Classification number BM522.39
Item number .R78 1931
066 ## - CHARACTER SETS PRESENT
Alternate G0 or G1 character set (2
100 1# - MAIN ENTRY--PERSONAL NAME
Linkage 880-01
Personal name Grünfeld, Simon,
Dates associated with a name 1881-1930.
240 10 - UNIFORM TITLE
Linkage 880-02
Uniform title Sheʼelot u-teshuvot Maharshag
245 10 - TITLE STATEMENT
Linkage 880-03
Title Sefer Shut Maharshag /
Statement of responsibility, etc. me-et Shimʻon Grinfeld = Maharschag / Verfasser, Simon Grünfeld.
246 1# - VARYING FORM OF TITLE
Linkage 880-04
Display text Vol. 4 has cover title:
Title proper/short title Sefer Sheʼelot u-teshuvot Maharshag
260 ## - PUBLICATION, DISTRIBUTION, ETC.
Place of publication, distribution, etc. V.-Svidnik, Slovakei :
Name of publisher, distributor, etc. M. Grünfeld,
Date of publication, distribution, etc. 1931-<[1997 or 1998] >
300 ## - PHYSICAL DESCRIPTION
Extent v. <1-4 > :
Other physical details ill. ;
Dimensions 34 cm.
500 ## - GENERAL NOTE
General note Vols. 2-3 have cover title: Shut Maharshag.
500 ## - GENERAL NOTE
General note Vol. 3 has title: Sefer Shut Ḳol Yehuda. Sefer Shut Maharshag.
500 ## - GENERAL NOTE
General note Vol. 3 has spine title: . Shut Ḳol Yehudah. Shut Maharshag.
500 ## - GENERAL NOTE
General note Vol. 2 published: Yerushalayim; v. 3 published: Yerushalayim : Y. Grinfeld; v. 4 published: Boro-Parḳ : M.Y. Grinfeld ; Bene-Beraḳ : Sh. A. Grinfeld.
500 ## - GENERAL NOTE
General note Vol. 3 prefaced by: Sefer Shut Ḳol Yehuda / mi-kevod Yehuda Grinfeld.
500 ## - GENERAL NOTE
General note Includes index.
650 #0 - SUBJECT ADDED ENTRY--TOPICAL TERM
Topical term or geographic name entry element Responsa
Chronological subdivision 1800-1948.
700 12 - ADDED ENTRY--PERSONAL NAME
Linkage 880-05
Personal name Gruenfeld, Judah,
Dates associated with a name 1837-1907.
Title of a work Shut Ḳol Yehuda.
740 0# - ADDED ENTRY--UNCONTROLLED RELATED/ANALYTICAL TITLE
Uncontrolled related/analytical title Maharschag.
740 0# - ADDED ENTRY--UNCONTROLLED RELATED/ANALYTICAL TITLE
Linkage 880-06
Uncontrolled related/analytical title Sefer Sheʼelot u-teshuvot Maharshag.
740 0# - ADDED ENTRY--UNCONTROLLED RELATED/ANALYTICAL TITLE
Linkage 880-07
Uncontrolled related/analytical title Shut Maharshag.
740 0# - ADDED ENTRY--UNCONTROLLED RELATED/ANALYTICAL TITLE
Linkage 880-08
Uncontrolled related/analytical title Sheʼelot u-teshuvot Maharshag.
740 0# - ADDED ENTRY--UNCONTROLLED RELATED/ANALYTICAL TITLE
Linkage 880-09
Uncontrolled related/analytical title Shut Ḳol Yehudah.
740 0# - ADDED ENTRY--UNCONTROLLED RELATED/ANALYTICAL TITLE
Linkage 880-10
Uncontrolled related/analytical title Sheʼelot u-teshuvot Ḳol Yehudah.
740 0# - ADDED ENTRY--UNCONTROLLED RELATED/ANALYTICAL TITLE
Linkage 880-11
Uncontrolled related/analytical title Ḳol Yehudah.
740 0# - ADDED ENTRY--UNCONTROLLED RELATED/ANALYTICAL TITLE
Linkage 880-12
Uncontrolled related/analytical title Sefer Shut Ḳol Yehuda.
740 0# - ADDED ENTRY--UNCONTROLLED RELATED/ANALYTICAL TITLE
Linkage 880-13
Uncontrolled related/analytical title Sefer Sheʼelot u-teshuvot Ḳol Yehuda.
740 0# - ADDED ENTRY--UNCONTROLLED RELATED/ANALYTICAL TITLE
Linkage 880-14
Uncontrolled related/analytical title Ḳol Yehuda.
880 1# - ALTERNATE GRAPHIC REPRESENTATION
Linkage 100-01/(2/r
a גרינפעלד, שמעון.
880 10 - ALTERNATE GRAPHIC REPRESENTATION
Linkage 240-02/(2/r
a שאלות ותשובות מהרש״ג
880 00 - ALTERNATE GRAPHIC REPRESENTATION
Linkage 245-03/(2/r
a ספר שו״ת מהרש״ג /
c מאת שמעון גרינפעלד = Maharschag / Verfasser, Simon Grünfeld.
880 1# - ALTERNATE GRAPHIC REPRESENTATION
Linkage 246-04/(2
i Vol. 4 has cover title:
a ספר שאלות ותשובות מהרש״ג
880 12 - ALTERNATE GRAPHIC REPRESENTATION
Linkage 700-05/(2/r
a גרינפעלד, יהודא.
t שו״ת קול יהודא.
880 0# - ALTERNATE GRAPHIC REPRESENTATION
Linkage 740-06/(2/r
a ספר שאלות ותשובות מהרש״ג.
880 0# - ALTERNATE GRAPHIC REPRESENTATION
Linkage 740-07/(2/r
a שו״ת מהרש״ג.
880 0# - ALTERNATE GRAPHIC REPRESENTATION
Linkage 740-08/(2/r
a שאלות ותשובות מהרש״ג.
880 0# - ALTERNATE GRAPHIC REPRESENTATION
Linkage 740-09/(2/r
a שו״ת קול יהודה.
880 0# - ALTERNATE GRAPHIC REPRESENTATION
Linkage 740-10/(2/r
a שאלות ותשובות קול יהודה.
880 0# - ALTERNATE GRAPHIC REPRESENTATION
Linkage 740-11/(2/r
a קול יהודה.
880 0# - ALTERNATE GRAPHIC REPRESENTATION
Linkage 740-12/(2/r
a ספר שו״ת קול יהודא.
880 0# - ALTERNATE GRAPHIC REPRESENTATION
Linkage 740-13/(2/r
a ספר שאלות ותשובות קול יהודא.
880 0# - ALTERNATE GRAPHIC REPRESENTATION
Linkage 740-14/(2/r
a קול יהודא.

No items available.

Powered by Koha